LIBRARY ONLINE CATALOGUE

Julius Nyerere : (Record no. 13564)

MARC details
000 -LEADER
fixed length control field 00597nam a22002052 4500
001 - CONTROL NUMBER
control field 0000012971
005 - DATE AND TIME OF LATEST TRANSACTION
control field 20151217155854.0
008 - FIXED-LENGTH DATA ELEMENTS--GENERAL INFORMATION
fixed length control field 090514s xx 000 0 eng d
020 ## - INTERNATIONAL STANDARD BOOK NUMBER
International Standard Book Number 9966951326 :
040 ## - CATALOGING SOURCE
Original cataloging agency KABU
Transcribing agency KABU
100 1# - MAIN ENTRY--PERSONAL NAME
Personal name Maillu, David G.
-- 0000156821
245 10 - TITLE STATEMENT
Title Julius Nyerere :
Remainder of title father of ujamaa /
Statement of responsibility, etc. David G. Maillu.
250 ## - EDITION STATEMENT
Edition statement 1st ed.
260 ## - PUBLICATION, DISTRIBUTION, ETC. (IMPRINT)
Place of publication, distribution, etc. Nairobi :
Name of publisher, distributor, etc. Sasa Sema,
Date of publication, distribution, etc. 2005.
300 ## - PHYSICAL DESCRIPTION
Extent ix, 81 p.
600 10 - SUBJECT ADDED ENTRY--PERSONAL NAME
Personal name Nyerere, Julius K.
-- 0000148959
852 1# - LOCATION
-- p245 KES
908 ## - PUT COMMAND PARAMETER (RLIN)
Put command parameter 090514
950 ## - LOCAL HOLDINGS (RLIN)
-- 1
Holdings
Withdrawn status Lost status Source of classification or shelving scheme Not for loan Home library Current library Date acquired Total Checkouts Full call number Barcode Date last seen Price effective from Koha item type Total Renewals Date last checked out
    Library of Congress Classification   Kabarak, Main Campus Kabarak, Main Campus 17/12/2015   DT448.25 .N94M35 2005 c. 1 17547 17/12/2015 17/12/2015 Africana Collection    
    Library of Congress Classification   Kabarak, Main Campus Kabarak, Main Campus 17/12/2015 3 DT448.25 .N94M35 2005 c. 2 17548 25/08/2021 17/12/2015 Children Collection 1 07/06/2021